Les maquis rouges des Balkans, 1941-1945 (Grèce-Yougoslavie-Albanie) / (Record no. 94679)

MARC details
000 -LEADER
campo de control de longitud fija 00441nam a2200145 i 4500
001 - NÚMERO DE CONTROL
campo de control 94679
003 - IDENTIFICADOR DE NÚMERO DE CONTROL
campo de control ES-MaACL
007 - CAMPO FIJO DE DESCRIPCIÓN FÍSICA--INFORMACIÓN GENERAL
campo de control de longitud fija t|
008 - DATOS DE LONGITUD FIJA--INFORMACIÓN GENERAL
campo de control de longitud fija 050511s1967 fr ||||1| fre d
100 1# - ENTRADA PRINCIPAL--NOMBRE DE PERSONA
Nombre de persona Loverdo, Costa de.
9 (RLIN) 74364
245 14 - MENCIÓN DEL TÍTULO
Título Les maquis rouges des Balkans, 1941-1945 (Grèce-Yougoslavie-Albanie) /
Mención de responsabilidad, etc. Costa de Loverdo.
260 ## - PUBLICACIÓN, DISTRIBUCIÓN, ETC.
Lugar de publicación, distribución, etc. Paris :
Nombre del editor, distribuidor, etc. Stock,
Fecha de publicación, distribución, etc. 1967.
300 ## - DESCRIPCIÓN FÍSICA
Extensión 388 p., 12 lám. ;
Dimensiones 22 cm.
852 ## - LOCALIZACIÓN
Ubicación ES-MaACL
Número de control de estantería L-6293
Sublocalización o colección R.106532
Holdings
Estatus retirado Estado de pérdida Estado de daño No para préstamo Biblioteca de origen Biblioteca actual Ubicación en estantería Fecha de adquisición Fuente de adquisición Total de préstamos Signatura topográfica completa Código de barras Visto por última vez Precio de reemplazo Tipo de ítem Koha
        Biblioteca del Ateneo de Madrid Biblioteca del Ateneo de Madrid Depósito 2 17/01/2008     L-6293 1098878 23/02/2023 23/02/2023 Libro impreso